[Event "Bucharest Romgaz op 2nd"]
[Site "Bucharest"]
[Date "2008.09.17"]
[Round "7"]
[White "Vedmediuc, Serghei"]
[Black "Osman, Mihai"]
[Result "1-0"]
[WhiteElo "2396"]
[BlackElo "2155"]
[PlyCount "53"]
[EventDate "2008.09.11"]
[EventType "swiss"]
[EventRounds "9"]
[EventCountry "ROU"]
[SourceTitle "CBM 126 Extra"]
[Source "ChessBase"]
[SourceDate "2008.11.05"]
[SourceVersion "1"]
[SourceVersionDate "2008.11.05"]
[SourceQuality "1"]

1. e4 c5 2. Nf3 d6 3. d4 Nf6 4. Nc3 cxd4 5. Nxd4 a6 6. Bg5 e6 7. f4 Be7 8. Qf3 h6 9. Bh4 g5 10. fxg5 Nh7 11. Bg3 Bxg5 12. h4 Be7 13. 0-0-0 Qc7 14. Nf5 exf5 15. Nd5 Qa5 16. Nxe7 Kxe7 17. Bxd6+ Ke8 18. Bc4 f4 19. Qxf4 Be6 20. Bxe6 fxe6 21. Bc7 e5 22. Rd8+ Ke7 23. Bxa5 exf4 24. Rxh8 Nf6 25. Bd8+ Kf7 26. Bxf6 Kxf6 27. Rd1 1-0

[Event "Bucharest Winter Cup"]
[Site "Bucharest"]
[Date "2006.01.21"]
[Round "8"]
[White "Lupulescu, Constantin"]
[Black "Osman, Mihai"]
[Result "1-0"]
[WhiteElo "2528"]
[BlackElo "2161"]
[PlyCount "69"]
[EventDate "2006.01.14"]
[EventType "tourn"]
[EventRounds "13"]
[EventCountry "ROU"]
[EventCategory "7"]
[SourceTitle "EXT 2007"]
[Source "ChessBase"]
[SourceDate "2006.11.23"]
[SourceVersion "1"]
[SourceVersionDate "2006.11.23"]
[SourceQuality "1"]

1. e4 d5 2. exd5 Qxd5 3. Nc3 Qa5 4. d4 c6 5. Bc4 Nf6 6. Nf3 Bg4 7. h3 Bxf3 8. Qxf3 e6 9. 0-0 Qc7 10. Ne4 Nxe4 11. Qxe4 Be7 12. Bf4 Qd8 13. Be5 0-0 14. Bd3 g6 15. c3 Nd7 16. Bf4 Re8 17. Rad1 Bf8 18. Qf3 Bg7 19. Qg3 Qa5 20. Bc4 Qd8 21. Rfe1 Rc8 22. a3 Nb6 23. Be2 Nd5 24. Bc1 Qc7 25. Qf3 b5 26. Bd3 Qd6 27. Bg5 a5 28. Be4 a4 29. h4 Qf8 30. g3 h5 31. Kg2 f5 32. Bd3 e5 33. dxe5 Rxe5 34. Rxe5 Bxe5 35. Bxb5 1-0

[Event "Bucharest Winter Cup"]
[Site "Bucharest"]
[Date "2006.01.17"]
[Round "4"]
[White "Osman, Mihai"]
[Black "Ardelean, George Catalin"]
[Result "0-1"]
[WhiteElo "2161"]
[BlackElo "2442"]
[PlyCount "114"]
[EventDate "2006.01.14"]
[EventType "tourn"]
[EventRounds "13"]
[EventCountry "ROU"]
[EventCategory "7"]
[SourceTitle "CBM 110 Extra"]
[Source "ChessBase"]
[SourceDate "2006.03.10"]
[SourceVersion "2"]
[SourceVersionDate "2006.03.10"]
[SourceQuality "1"]

1. e4 d5 2. exd5 Qxd5 3. Nc3 Qd8 4. d4 Nf6 5. Bg5 c6 6. Bc4 Bf5 7. Bxf6 gxf6 8. Nge2 e6 9. Ng3 Bg6 10. h4 h6 11. h5 Bh7 12. Qd2 Nd7 13. 0-0-0 Nb6 14. Bd3 Bxd3 15. Qxd3 Qc7 16. Qf3 Be7 17. Nge2 f5 18. Rhg1 Nc4 19. Qd3 Nd6 20. Kb1 Rg8 21. g3 0-0-0 22. Qf3 Rg4 23. Rd3 Nc4 24. b3 Nd6 25. Rgd1 Kb8 26. Nf4 Bf6 27. Ng2 Rg5 28. Ne3 Bg7 29. Ng2 Rd7 30. Qe2 Bf6 31. Ne1 Rg4 32. f4 Rd8 33. Qe3 Rdg8 34. Qf2 b5 35. a3 a5 36. b4 Kb7 37. Ne2 Ne4 38. Qe3 axb4 39. axb4 Qd6 40. Nc1 Rxg3 41. Nf3 Qxb4+ 42. Rb3 Qc4 43. Nd3 Rg2 44. Nde1 Re2 45. Qd3 Qxd3 46. Nxd3 Rg3 47. Nc5+ Nxc5 48. dxc5 Rf2 49. Ne5 Rxb3+ 50. cxb3 Bxe5 51. fxe5 Kc8 52. Rg1 Kd7 53. Rg7 Ke7 54. Rg8 Re2 55. Rc8 f4 56. Rc7+ Kf8 57. Kc1 f3 0-1

[Event "Bucharest Winter Cup"]
[Site "Bucharest"]
[Date "2006.01.15"]
[Round "2"]
[White "Osman, Mihai"]
[Black "Dumitrache, Dragos Nicolae"]
[Result "1/2-1/2"]
[WhiteElo "2161"]
[BlackElo "2476"]
[PlyCount "97"]
[EventDate "2006.01.14"]
[EventType "tourn"]
[EventRounds "13"]
[EventCountry "ROU"]
[EventCategory "7"]
[SourceTitle "CBM 110 Extra"]
[Source "ChessBase"]
[SourceDate "2006.03.10"]
[SourceVersion "2"]
[SourceVersionDate "2006.03.10"]
[SourceQuality "1"]

1. e4 c5 2. c4 Nc6 3. Ne2 g6 4. d4 cxd4 5. Nxd4 Bg7 6. Be3 Nf6 7. Nc3 d6 8. Be2 0-0 9. 0-0 Bd7 10. h3 Nxd4 11. Bxd4 Bc6 12. f4 e5 13. fxe5 dxe5 14. Bxe5 Nxe4 15. Bxg7 Kxg7 16. Nxe4 Bxe4 17. Qxd8 Raxd8 18. Rad1 Rfe8 19. Rxd8 Rxd8 20. Bf3 Rd4 21. Bxe4 Rxe4 22. b3 Rd4 23. Rf2 Rd1+ 24. Rf1 Rd4 25. Rf2 a5 26. Rc2 h5 27. c5 a4 28. c6 bxc6 29. Rxc6 Rd1+ 30. Kh2 axb3 31. axb3 h4 32. b4 Rb1 33. Rc4 g5 34. Rc5 Kg6 35. b5 f6 36. Rd5 Kf7 37. Rc5 Kg7 38. Rd5 Kf7 39. Rc5 Ke6 40. Rc6+ Ke5 41. Rc5+ Ke4 42. Rc4+ Kd5 43. Rc6 Ke5 44. Rc5+ Ke4 45. Rc4+ Kf5 46. Rc5+ Kg6 47. Rd5 Kf7 48. Rc5 Ke7 49. Rc7+ 1/2-1/2

[Event "Bucharest Winter Cup"]
[Site "Bucharest"]
[Date "2006.01.14"]
[Round "1"]
[White "Hamitevici, Vladimir"]
[Black "Osman, Mihai"]
[Result "1-0"]
[WhiteElo "2284"]
[BlackElo "2161"]
[PlyCount "109"]
[EventDate "2006.01.14"]
[EventType "tourn"]
[EventRounds "13"]
[EventCountry "ROU"]
[EventCategory "7"]
[SourceTitle "CBM 110 Extra"]
[Source "ChessBase"]
[SourceDate "2006.03.10"]
[SourceVersion "2"]
[SourceVersionDate "2006.03.10"]
[SourceQuality "1"]

1. d4 Nf6 2. Nf3 g6 3. Bf4 Bg7 4. e3 d6 5. h3 Nbd7 6. Be2 0-0 7. 0-0 Qe8 8. c4 e5 9. Bh2 e4 10. Nfd2 Qe7 11. Nc3 c6 12. b4 b6 13. Qc2 Re8 14. a4 a5 15. bxa5 bxa5 16. Rab1 g5 17. Rfc1 Bf8 18. Nb3 Qd8 19. Nd2 Qe7 20. d5 cxd5 21. Nb5 Ne5 22. cxd5 Bf5 23. Qa2 Rec8 24. Nc4 Nxc4 25. Rxc4 Rxc4 26. Qxc4 Rc8 27. Qd4 Ne8 28. Qd2 Qd8 29. Nd4 Bd7 30. Bb5 Qb6 31. Rb2 Qc7 32. Rc2 Qb6 33. Rxc8 Bxc8 34. Nb3 Nc7 35. Qxa5 Qxa5 36. Nxa5 Nxd5 37. Nc4 Nc3 38. Bxd6 Bg7 39. Nb6 Bb7 40. Bc4 Bf8 41. Bxf8 Kxf8 42. a5 Ke7 43. a6 Bc6 44. a7 f6 45. Bg8 Kd6 46. Bxh7 Kc7 47. a8Q Bxa8 48. Nxa8+ Kb7 49. g3 Kxa8 50. h4 gxh4 51. gxh4 Kb8 52. h5 Kc7 53. h6 Kd6 54. Bxe4 Nxe4 55. h7 1-0

[Event "Bucharest Winter Cup"]
[Site "Bucharest"]
[Date "2004.12.09"]
[Round "8"]
[White "Chirila, Ioan Cristian"]
[Black "Osman, Mihai"]
[Result "1-0"]
[WhiteElo "2207"]
[BlackElo "2147"]
[PlyCount "103"]
[EventDate "2004.12.02"]
[EventType "tourn"]
[EventRounds "11"]
[EventCountry "ROU"]
[SourceTitle "EXT 2008"]
[Source "ChessBase"]
[SourceDate "2007.11.25"]
[SourceVersion "1"]
[SourceVersionDate "2007.11.25"]
[SourceQuality "1"]

1. e4 c6 2. c4 d5 3. exd5 cxd5 4. cxd5 Nf6 5. Nc3 Nxd5 6. Nf3 Nxc3 7. bxc3 g6 8. d4 Bg7 9. Bd3 0-0 10. 0-0 Qc7 11. Bd2 Bg4 12. h3 Bxf3 13. Qxf3 Nd7 14. Rab1 b6 15. Rfe1 e5 16. Bb5 a6 17. Bc6 Rad8 18. Bg5 f6 19. Bc1 Nb8 20. Bd5+ Kh8 21. c4 Rfe8 22. dxe5 fxe5 23. Ba3 a5 24. Qe3 Bf8 25. Bxf8 Rxf8 26. Qxb6 Qe7 27. Qxa5 Nd7 28. Qc3 Qc5 29. Qe3 Rfe8 30. Rb7 Qxe3 31. Rxe3 Nf6 32. Bf7 Rf8 33. Rxe5 Rd1+ 34. Kh2 Rd2 35. f3 Nh5 36. Bd5 Rxa2 37. c5 Ra5 38. c6 Nf6 39. c7 Nd7 40. Rg5 h6 41. Be6 hxg5 42. Bxd7 Raa8 43. Rb6 Kg7 44. Rc6 Rac8 45. Bxc8 Rxc8 46. Kg3 Kh6 47. Kf2 Kh5 48. g3 Kh6 49. Ke3 Kg7 50. Kd4 Kf7 51. Kc5 Ke7 52. Kb6 1-0

[Event "Bucharest Winter Cup"]
[Site "Bucharest"]
[Date "2004.12.04"]
[Round "3"]
[White "Osman, Mihai"]
[Black "Manea, Alexandru"]
[Result "0-1"]
[WhiteElo "2147"]
[BlackElo "2330"]
[PlyCount "68"]
[EventDate "2004.12.02"]
[EventType "tourn"]
[EventRounds "11"]
[EventCountry "ROU"]
[SourceTitle "EXT 2008"]
[Source "ChessBase"]
[SourceDate "2007.11.25"]
[SourceVersion "1"]
[SourceVersionDate "2007.11.25"]
[SourceQuality "1"]

1. e4 g6 2. d4 Bg7 3. Nc3 d6 4. Be3 a6 5. a4 Nc6 6. h3 e5 7. Nf3 exd4 8. Nxd4 Bd7 9. Bc4 Nf6 10. 0-0 0-0 11. Re1 Re8 12. Nf3 Be6 13. Bxe6 Rxe6 14. Bf4 Qe8 15. Nd5 Nxd5 16. Qxd5 Bxb2 17. Rab1 Bc3 18. Re3 Bb4 19. Bh6 Bc5 20. Re2 Rb8 21. Bd2 Ne7 22. Qd3 Nf5 23. Rbe1 Ng3 24. Re3 Bxe3 25. Rxe3 Nxe4 26. Nd4 Nc5 27. Qc3 Rxe3 28. Bxe3 Nxa4 29. Qxc7 Qd8 30. Qc4 b5 31. Qd5 Qf6 32. Nc6 Re8 33. g3 Qe6 34. Qd2 Nb2 0-1

[Event "Ungureanu Memorial"]
[Site "Bucharest"]
[Date "2004.04.25"]
[Round "11"]
[White "Osman, Mihai"]
[Black "Diulger, Alexey"]
[Result "0-1"]
[WhiteElo "2205"]
[BlackElo "2358"]
[PlyCount "110"]
[EventDate "2004.04.15"]
[EventType "tourn"]
[EventRounds "11"]
[EventCountry "ROU"]
[EventCategory "7"]
[SourceTitle "CBM 100 Extra"]
[Source "ChessBase"]
[SourceDate "2004.07.06"]
[SourceVersion "2"]
[SourceVersionDate "2004.07.06"]
[SourceQuality "1"]

1. d4 d5 2. Nf3 c6 3. c3 Bg4 4. Qb3 Qb6 5. Bf4 Nd7 6. Nbd2 e6 7. e3 Be7 8. Bd3 Ngf6 9. h3 Bf5 10. Bxf5 exf5 11. Ne5 Nxe5 12. Bxe5 0-0 13. Bxf6 Bxf6 14. 0-0 Qc7 15. Qd1 g6 16. a4 Rfe8 17. Qf3 Bg7 18. a5 Rad8 19. b4 Bf8 20. Ra2 Bd6 21. Rb1 a6 22. g3 h5 23. h4 Rd7 24. Raa1 Rde7 25. Kf1 Re6 26. Nb3 Re4 27. Nc5 Rg4 28. Re1 Kg7 29. Nd3 Rge4 30. Nc5 R4e7 31. Kg2 f4 32. gxf4 Bxf4 33. e4 dxe4 34. Rxe4 Bd6 35. Rxe7 Qxe7 36. Rh1 Bxc5 37. bxc5 Qd8 38. Rb1 Re7 39. Rb6 Qd7 40. Kg3 Qe6 41. Rb1 Qa2 42. Rd1 Qxa5 43. c4 Qb4 44. Qd3 Rd7 45. Qe2 Kf8 46. Kg2 Re7 47. Qd3 Kg7 48. Rb1 Qa5 49. Rd1 Kh7 50. Qg3 Re4 51. Qd6 Rg4+ 52. Kf1 Qa2 53. Rc1 Qd2 54. Re1 Qd3+ 55. Re2 Re4 0-1

[Event "Ungureanu Memorial"]
[Site "Bucharest"]
[Date "2004.04.20"]
[Round "6"]
[White "Osman, Mihai"]
[Black "Badea, Bela"]
[Result "0-1"]
[WhiteElo "2205"]
[BlackElo "2509"]
[PlyCount "68"]
[EventDate "2004.04.15"]
[EventType "tourn"]
[EventRounds "11"]
[EventCountry "ROU"]
[EventCategory "7"]
[SourceTitle "CBM 100 Extra"]
[Source "ChessBase"]
[SourceDate "2004.07.06"]
[SourceVersion "2"]
[SourceVersionDate "2004.07.06"]
[SourceQuality "1"]

1. e4 d6 2. d4 Nf6 3. Nc3 e5 4. dxe5 dxe5 5. Qxd8+ Kxd8 6. Bc4 Ke8 7. Be3 Bb4 8. f3 Bxc3+ 9. bxc3 Nc6 10. Bb5 Bd7 11. Bxc6 Bxc6 12. 0-0-0 Nd7 13. Kb2 Nb6 14. Bxb6 axb6 15. Ne2 Ra4 16. Rd2 Ke7 17. Rhd1 Rha8 18. Nc1 h5 19. g3 g6 20. Re1 Bd7 21. f4 R8a5 22. Rd5 exf4 23. Rxa5 bxa5 24. gxf4 Bc6 25. Nb3 Rxe4 26. Rxe4+ Bxe4 27. Nxa5 Kf6 28. c4 Kf5 29. Kc3 Kxf4 30. Kd4 b6 31. Nb3 Bxc2 32. c5 Bxb3 33. cxb6 cxb6 34. axb3 f5 0-1

[Event "Bucharest Blue Autumn"]
[Site "Bucharest"]
[Date "2003.10.20"]
[Round "15"]
[White "Osman, Mihai"]
[Black "Nemeth, Francisc"]
[Result "1/2-1/2"]
[WhiteElo "2145"]
[BlackElo "2294"]
[PlyCount "103"]
[EventDate "2003.10.06"]
[EventType "tourn"]
[EventRounds "15"]
[EventCountry "ROU"]
[EventCategory "7"]
[SourceTitle "EXT 2008"]
[Source "ChessBase"]
[SourceDate "2007.11.25"]
[SourceVersion "1"]
[SourceVersionDate "2007.11.25"]
[SourceQuality "1"]

1. e4 c5 2. c4 Nc6 3. Nc3 g6 4. g3 Bg7 5. Bg2 Nf6 6. d3 0-0 7. Nge2 Ne8 8. 0-0 Nc7 9. Be3 Ne6 10. Qd2 Ned4 11. Bh6 Ne5 12. Nxd4 Bxh6 13. Qxh6 cxd4 14. Ne2 Nxd3 15. Qd2 Ne5 16. Qxd4 d6 17. Nc3 Be6 18. b3 Nc6 19. Qe3 Qa5 20. f4 f6 21. Nd5 Bf7 22. e5 dxe5 23. fxe5 Nxe5 24. Nxe7+ Kg7 25. Nd5 Bxd5 26. Bxd5 Rae8 27. Qd4 Re7 28. a3 h5 29. h3 Nc6 30. Qf2 Qc3 31. Rae1 Rfe8 32. Bxc6 Rxe1 33. Bxe8 Rxe8 34. h4 Re3 35. Kh2 Qe5 36. Qf4 Qxf4 37. Rxf4 Rxb3 38. Rd4 Kf7 39. c5 Ke6 40. Ra4 Kd5 41. Rxa7 Kxc5 42. a4 Kc6 43. Ra8 Rb2+ 44. Kh3 g5 45. hxg5 fxg5 46. Ra7 g4+ 47. Kh4 Rh2+ 48. Kg5 Rh3 49. Kf4 Kb6 50. Ra8 Rh1 51. a5+ Kc7 52. a6 1/2-1/2

[Event "Bucharest Blue Autumn"]
[Site "Bucharest"]
[Date "2003.10.15"]
[Round "10"]
[White "Osman, Mihai"]
[Black "Vasiesiu, Dan"]
[Result "0-1"]
[WhiteElo "2145"]
[BlackElo "2425"]
[PlyCount "92"]
[EventDate "2003.10.06"]
[EventType "tourn"]
[EventRounds "15"]
[EventCountry "ROU"]
[EventCategory "7"]
[SourceTitle "EXT 2008"]
[Source "ChessBase"]
[SourceDate "2007.11.25"]
[SourceVersion "1"]
[SourceVersionDate "2007.11.25"]
[SourceQuality "1"]

1. e4 c5 2. c4 d6 3. g3 g6 4. Bg2 Bg7 5. Ne2 Nc6 6. d3 Nf6 7. Nbc3 0-0 8. 0-0 Rb8 9. a3 Ne8 10. Rb1 Nc7 11. b4 Ne6 12. bxc5 dxc5 13. Nd5 Bd7 14. h3 b6 15. f4 Ned4 16. e5 Nxe2+ 17. Qxe2 Nd4 18. Qe3 Bc6 19. Bb2 e6 20. Nf6+ Bxf6 21. Bxc6 Nf5 22. Qf2 Bg7 23. g4 Ne7 24. Be4 Qc7 25. g5 Rfd8 26. Bc3 Bf8 27. h4 a6 28. a4 Nc6 29. h5 Nb4 30. d4 a5 31. d5 exd5 32. cxd5 Nxd5 33. Ba1 c4 34. hxg6 hxg6 35. Rb5 Bc5 36. Rxc5 bxc5 37. f5 c3 38. fxg6 fxg6 39. Bxd5+ Rxd5 40. Bxc3 Qe7 41. Qg2 Rxe5 42. Bxe5 Qxe5 43. Qa2+ Kh8 44. Rf2 Qxg5+ 45. Kh1 Re8 46. Rh2+ Kg7 0-1

[Event "Bucharest Blue Autumn"]
[Site "Bucharest"]
[Date "2003.10.07"]
[Round "2"]
[White "Osman, Mihai"]
[Black "Kislinsky, Alexey"]
[Result "0-1"]
[WhiteElo "2145"]
[BlackElo "2429"]
[PlyCount "94"]
[EventDate "2003.10.06"]
[EventType "tourn"]
[EventRounds "15"]
[EventCountry "ROU"]
[EventCategory "7"]
[SourceTitle "EXT 2008"]
[Source "ChessBase"]
[SourceDate "2007.11.25"]
[SourceVersion "1"]
[SourceVersionDate "2007.11.25"]
[SourceQuality "1"]

1. d4 d5 2. Nf3 c5 3. c3 cxd4 4. cxd4 Nc6 5. Nc3 Nf6 6. Bf4 a6 7. a3 Nh5 8. Bd2 g6 9. Qb3 Nf6 10. Bg5 Na5 11. Qa2 Be6 12. Bxf6 exf6 13. e3 Rc8 14. Rc1 Bd6 15. Be2 0-0 16. 0-0 b5 17. Nb1 Qd7 18. b3 Kg7 19. Nbd2 Bg4 20. b4 Nc4 21. Nb3 Bb8 22. Nc5 Qd6 23. g3 h5 24. Nh4 Rfe8 25. Rfe1 Rc7 26. Bxg4 hxg4 27. Qe2 f5 28. Ra1 Rh8 29. f4 gxf3 30. Nxf3 Re7 31. a4 Rxe3 32. Qf2 f4 33. Rxe3 fxe3 34. Qe2 Re8 35. axb5 axb5 36. Ng5 Qf6 37. Nf3 Bd6 38. Ra7 Bxc5 39. bxc5 Rb8 40. h4 b4 41. c6 b3 42. c7 Rc8 43. Rb7 b2 44. Kg2 Rxc7 45. Rxb2 Nxb2 46. Qxb2 Qf5 47. Ne1 Qe4+ 0-1

[Event "Bucharest Blue Autumn"]
[Site "Bucharest"]
[Date "2003.10.06"]
[Round "1"]
[White "Shishkin, Vadim"]
[Black "Osman, Mihai"]
[Result "1-0"]
[WhiteElo "2473"]
[BlackElo "2145"]
[PlyCount "77"]
[EventDate "2003.10.06"]
[EventType "tourn"]
[EventRounds "15"]
[EventCountry "ROU"]
[EventCategory "7"]
[SourceTitle "EXT 2008"]
[Source "ChessBase"]
[SourceDate "2007.11.25"]
[SourceVersion "1"]
[SourceVersionDate "2007.11.25"]
[SourceQuality "1"]

1. d4 d5 2. c4 e6 3. Nc3 f5 4. Nf3 Nf6 5. Bf4 c6 6. e3 Bd6 7. Bd3 0-0 8. 0-0 Ne4 9. Bxe4 Bxf4 10. Bxf5 Bxh2+ 11. Nxh2 Rxf5 12. e4 dxe4 13. Nxe4 Qh4 14. Qg4 Qh6 15. Qg3 Nd7 16. f4 Nf6 17. Nxf6+ Qxf6 18. Rad1 Bd7 19. Ng4 Qg6 20. Qf3 Raf8 21. Ne5 Qe8 22. Qe4 Qe7 23. g3 Be8 24. Rde1 Kh8 25. Qe3 Rh5 26. Kg2 Qb4 27. b3 Qa3 28. Rf2 c5 29. dxc5 Rf6 30. g4 Rh4 31. g5 Rf5 32. Kg3 Rh5 33. Rd1 h6 34. Rd8 hxg5 35. Rxe8+ Kh7 36. fxg5 Rfxg5+ 37. Ng4 Qa6 38. Rxe6 b6 39. Qe4+ 1-0

[Event "Bucharest Spring IM"]
[Site "Bucharest"]
[Date "2003.03.30"]
[Round "10"]
[White "Dinu, Dumitru Daniel"]
[Black "Osman, Mihai"]
[Result "1-0"]
[WhiteElo "2314"]
[BlackElo "2133"]
[PlyCount "117"]
[EventDate "2003.03.20"]
[EventType "tourn"]
[EventRounds "11"]
[EventCountry "ROU"]
[EventCategory "1"]
[SourceTitle "EXT 2004"]
[Source "ChessBase"]
[SourceDate "2003.11.25"]
[SourceVersion "1"]
[SourceVersionDate "2003.11.25"]
[SourceQuality "1"]

1. d4 d5 2. c4 e6 3. Nc3 Nf6 4. Bg5 Be7 5. Nf3 Nbd7 6. e3 c5 7. cxd5 Nxd5 8. Bxe7 Qxe7 9. Nxd5 exd5 10. dxc5 Qxc5 11. Qd4 Qxd4 12. Nxd4 0-0 13. Be2 Nf6 14. 0-0 a6 15. Rac1 Bd7 16. Rc7 Rab8 17. Bf3 Rfc8 18. Rfc1 Ne4 19. h3 f5 20. R1c2 Rd8 21. Kf1 Kf8 22. Ke1 g6 23. Ne2 g5 24. Nc3 Be6 25. Rxh7 Nf6 26. Rc7 Rdc8 27. Na4 Rxc7 28. Rxc7 Ne8 29. Rc5 Rd8 30. Nc3 Nf6 31. Rc7 g4 32. hxg4 fxg4 33. Bd1 Rd7 34. Rxd7 Bxd7 35. Ne2 Bc6 36. Nd4 a5 37. Bc2 Bd7 38. Kd2 Ke7 39. a3 b5 40. Bd3 Ne4+ 41. Bxe4 dxe4 42. Nb3 g3 43. fxg3 Kf6 44. Nxa5 Kg5 45. Kc3 Kg4 46. Kd4 Bf5 47. Nb7 Kxg3 48. Nd6 Bd7 49. Nxe4+ Kxg2 50. Nc5 Be8 51. e4 Kf3 52. e5 Kg4 53. e6 Kf5 54. Kd5 Kf6 55. Kd6 Bg6 56. e7 Be8 57. Na6 Kf7 58. Nc7 b4 59. Nxe8 1-0

[Event "Bucharest Spring IM"]
[Site "Bucharest"]
[Date "2003.03.29"]
[Round "9"]
[White "Osman, Mihai"]
[Black "Bargan, Sergei"]
[Result "0-1"]
[WhiteElo "2133"]
[BlackElo "2233"]
[PlyCount "110"]
[EventDate "2003.03.20"]
[EventType "tourn"]
[EventRounds "11"]
[EventCountry "ROU"]
[EventCategory "1"]
[SourceTitle "EXT 2004"]
[Source "ChessBase"]
[SourceDate "2003.11.25"]
[SourceVersion "1"]
[SourceVersionDate "2003.11.25"]
[SourceQuality "1"]

1. e4 c6 2. d4 d5 3. Nd2 dxe4 4. Nxe4 Nd7 5. Nf3 Ngf6 6. Nxf6+ Nxf6 7. Ne5 Bf5 8. g4 Bg6 9. h4 Nd7 10. Nxg6 hxg6 11. Bc4 e6 12. h5 gxh5 13. gxh5 Qa5+ 14. Bd2 Qb6 15. c3 0-0-0 16. Qc2 Nf6 17. Bg5 Qa5 18. Bxf6 gxf6 19. Be2 Rxd4 20. b4 Qd5 21. Rg1 Qe4 22. Qxe4 Rxe4 23. Rd1 Kc7 24. Kf1 Re5 25. Bf3 Rg5 26. Ke2 Rxg1 27. Rxg1 Bh6 28. Rd1 f5 29. c4 e5 30. Kf1 e4 31. Be2 Rd8 32. c5 Rxd1+ 33. Bxd1 Bd2 34. b5 cxb5 35. Bb3 Kc6 36. Ke2 Bh6 37. Bxf7 f4 38. Bg6 f3+ 39. Kd1 Kd5 40. Ke1 a5 41. Kd1 a4 42. Be8 Kxc5 43. Bg6 Kd4 44. Be8 Kc4 45. Bg6 e3 46. fxe3 b4 47. Kd2 f2 48. Bd3+ Kc5 49. Ke2 b3 50. a3 b5 51. e4 b4 52. axb4+ Kxb4 53. e5 a3 54. e6 Bf8 55. h6 a2 0-1

[Event "Bucharest Spring IM"]
[Site "Bucharest"]
[Date "2003.03.25"]
[Round "6"]
[White "Osman, Mihai"]
[Black "Voiteanu, Christian Gabriel"]
[Result "1-0"]
[WhiteElo "2133"]
[BlackElo "2252"]
[PlyCount "59"]
[EventDate "2003.03.20"]
[EventType "tourn"]
[EventRounds "11"]
[EventCountry "ROU"]
[EventCategory "1"]
[SourceTitle "EXT 2004"]
[Source "ChessBase"]
[SourceDate "2003.11.25"]
[SourceVersion "1"]
[SourceVersionDate "2003.11.25"]
[SourceQuality "1"]

1. e4 e5 2. Nf3 Nf6 3. Nxe5 d6 4. Nf3 Nxe4 5. Nc3 Nxc3 6. dxc3 Nc6 7. Bc4 Be7 8. Bf4 Be6 9. Bd5 Qd7 10. c4 Bf6 11. c3 Ne5 12. Bxe5 dxe5 13. Bxe6 Qxe6 14. Qd5 Qxd5 15. cxd5 0-0-0 16. 0-0-0 e4 17. Nd2 Rhe8 18. Rhe1 Bg5 19. Kc2 Rxd5 20. g4 g6 21. f3 e3 22. Ne4 Rxd1 23. Kxd1 Bf4 24. g5 Bxh2 25. Rh1 Bf4 26. Rxh7 Re5 27. Rxf7 Bxg5 28. Rg7 Rf5 29. Ke2 Bf4 30. Rxg6 1-0

[Event "Bucharest Spring IM"]
[Site "Bucharest"]
[Date "2003.03.20"]
[Round "1"]
[White "Barnaure, Vlad Victor"]
[Black "Osman, Mihai"]
[Result "1-0"]
[WhiteElo "2309"]
[BlackElo "2133"]
[PlyCount "133"]
[EventDate "2003.03.20"]
[EventType "tourn"]
[EventRounds "11"]
[EventCountry "ROU"]
[EventCategory "1"]
[SourceTitle "EXT 2004"]
[Source "ChessBase"]
[SourceDate "2003.11.25"]
[SourceVersion "1"]
[SourceVersionDate "2003.11.25"]
[SourceQuality "1"]

1. d4 c5 2. c3 Nf6 3. Nf3 b6 4. Bg5 Ne4 5. Bh4 cxd4 6. cxd4 g5 7. Bxg5 Nxg5 8. Nxg5 Rg8 9. Nf3 Bb7 10. Nbd2 Nc6 11. e3 Rc8 12. a3 e6 13. Rc1 h5 14. h4 Ne7 15. Rc2 Nf5 16. Qc1 Rxc2 17. Qxc2 Be7 18. g3 Qa8 19. Be2 f6 20. Rg1 Kf7 21. e4 Rc8 22. Qb1 Ng7 23. Bd3 Rc7 24. Ke2 Qc8 25. Rd1 d6 26. Nf1 Ba6 27. Ne3 f5 28. Bxa6 Qxa6+ 29. Qd3 Qxd3+ 30. Kxd3 fxe4+ 31. Kxe4 d5+ 32. Kd3 Bf6 33. Ng2 Nf5 34. Re1 Nd6 35. Nf4 Ne4 36. Re2 Rc1 37. Nxh5 Rf1 38. Nxf6 Nxf2+ 39. Kd2 Kxf6 40. Ng5 Ne4+ 41. Nxe4+ dxe4 42. Rxe4 Rg1 43. g4 Rg3 44. Rf4+ Ke7 45. Kc2 b5 46. Re4 Kf7 47. g5 a6 48. Rf4+ Ke7 49. Kb1 Kd6 50. Ka2 Kd5 51. Rf6 Rg4 52. Rh6 a5 53. g6 Kxd4 54. h5 e5 55. Rh7 e4 56. Re7 Kd5 57. Re8 Rg5 58. h6 Rxg6 59. h7 Rh6 60. h8Q Rxh8 61. Rxh8 Kc4 62. Kb1 Kd3 63. Rd8+ Ke2 64. Kc2 e3 65. Re8 b4 66. axb4 axb4 67. b3 1-0

[Event "Bucharest Spring Festival (Women)"]
[Site "Bucharest"]
[Date "2003.03.11"]
[Round "9"]
[White "Osman, Mihai"]
[Black "Marin, Irina Luiza"]
[Result "1/2-1/2"]
[WhiteElo "2133"]
[BlackElo "2261"]
[PlyCount "114"]
[EventDate "2003.03.04"]
[EventType "tourn"]
[EventRounds "11"]
[EventCountry "ROU"]
[SourceTitle "CBM 093 Extra"]
[Source "ChessBase"]
[SourceDate "2003.05.09"]
[SourceVersion "1"]
[SourceVersionDate "2003.05.09"]
[SourceQuality "1"]

1. e4 d6 2. c4 Nf6 3. Nc3 g6 4. g3 Bg7 5. Bg2 0-0 6. Nge2 e5 7. 0-0 c6 8. d3 a6 9. Rb1 b5 10. b4 Nbd7 11. a4 bxa4 12. Nxa4 Bb7 13. Nec3 Qe7 14. h3 Rfb8 15. f4 Nh5 16. Qe1 exf4 17. gxf4 Re8 18. Bf3 d5 19. cxd5 cxd5 20. e5 Nxe5 21. fxe5 Bxe5 22. Bd2 Ng3 23. Nxd5 Qd6 24. Ne3 Nxf1 25. Qxf1 Bxf3 26. Qxf3 Qxd3 27. Rd1 Bd4 28. Nc5 Bxe3+ 29. Kh1 Qf5 30. Qxf5 gxf5 31. Bc3 Bxc5 32. bxc5 Re2 33. c6 f6 34. c7 Ree8 35. Bxf6 Kf7 36. Bd8 Ke6 37. Kg2 Rg8+ 38. Kf3 a5 39. Kf2 a4 40. Rd3 a3 41. Rxa3 Rgxd8 42. Ra6+ Ke5 43. cxd8Q Rxd8 44. Ra7 h6 45. Ra6 Rd6 46. Ra4 Rd4 47. Ra6 Kf4 48. Rxh6 Rd2+ 49. Ke1 Rh2 50. Rh5 Ke4 51. Kf1 f4 52. Kg1 Ra2 53. Rb5 f3 54. Rb8 Ke3 55. Re8+ Kf4 56. Rg8 Ke3 57. Re8+ Kf4 1/2-1/2

[Event "Bucharest Spring Festival (Women)"]
[Site "Bucharest"]
[Date "2003.03.08"]
[Round "6"]
[White "Ionescu, Irina"]
[Black "Osman, Mihai"]
[Result "1-0"]
[WhiteElo "2356"]
[BlackElo "2133"]
[PlyCount "73"]
[EventDate "2003.03.04"]
[EventType "tourn"]
[EventRounds "11"]
[EventCountry "ROU"]
[SourceTitle "CBM 093 Extra"]
[Source "ChessBase"]
[SourceDate "2003.05.09"]
[SourceVersion "1"]
[SourceVersionDate "2003.05.09"]
[SourceQuality "1"]

1. e4 e6 2. d4 d5 3. Nc3 dxe4 4. Nxe4 Qd5 5. Nc3 Bb4 6. Nf3 c5 7. Bd2 Bxc3 8. Bxc3 Nf6 9. dxc5 Qxc5 10. Bd3 Nc6 11. 0-0 0-0 12. Re1 Qh5 13. Bxf6 gxf6 14. Re4 f5 15. Rh4 Qg6 16. Rh3 Kh8 17. Qd2 Rg8 18. Qc3+ f6 19. Rg3 Qh6 20. Rd1 Rg7 21. Rxg7 Qxg7 22. Qd2 e5 23. Bc4 h6 24. Qd6 f4 25. Nh4 Bg4 26. f3 Rd8 27. Qxd8+ Nxd8 28. Rxd8+ Kh7 29. Bg8+ Qxg8 30. Rxg8 Kxg8 31. fxg4 Kg7 32. Kf2 e4 33. Nf5+ Kg6 34. c4 h5 35. Nd6 e3+ 36. Ke2 hxg4 37. c5 1-0